Most Popular Songs in USA 10/19/2024 - Statistics

General Stats
  • This quiz has been taken 13 times
  • The average score is 8 of 15
Answer Stats
Rank Answer Answer Streams Radio Airplay Sales % Correct
4. Sabrina Carpenter Espresso 18.5 Million 62 Million 2.5 Thousand
85%
15. Chappell Roan Hot To Go! 13.2 Million 22.4 Million 2 Thousand
77%
9. Sabrina Carpenter Please Please Please 16.6 Million 45 Million 1.5 Thousand
77%
1. Shaboozey A Bar Song (Tipsy) 26.4 Million 74.5 Million 6 Thousand
69%
11. Kendrick Lamar Not Like Us 16.4 Million 43.8 Million 1.5 Thousand
62%
2. Billie Eilish Birds Of A Feather 22.5 Million 53.3 Million 3 Thousand
54%
6. Chappell Roan Good Luck, Babe! 18.1 Million 41.5 Million 2.5 Thousand
54%
10. Benson Boone Beautiful Things 16.7 Million 44.3 Million 4 Thousand
46%
5. Lady GaGa, Bruno Mars Die With A Smile 23.2 Million 35.6 Million 3.5 Thousand
46%
3. Post Malone, Morgan Wallen I Had Some Help 20.6 Million 55.6 Million 2.5 Thousand
46%
14. Tommy Richman Million Dollar Baby 13.5 Million 34.4 Million 1 Thousand
46%
7. Sabrina Carpenter Taste 21.9 Million 21.4 Million 2 Thousand
46%
13. Hozier Too Sweet 11.8 Million 55.4 Million 2 Thousand
46%
12. The Weeknd, Playboi Carti Timeless 19.2 Million 8.1 Million 0.9 Thousand
38%
8. Teddy Swims Lose Control 18.4 Million 52.7 Million 3 Thousand
23%
No matching quizzes found
Score Distribution
Percent of People with Each Score
Percentile by Number Answered
Your Score History
You have not taken this quiz